Statistics for Utah Jazz: Most 3-PT FGs Each Year

Click here to take the quiz!

General Stats

  • This quiz has been taken 173 times
    (53 since last reset)
  • The average score is 17 of 44

Answer Stats

YearPlayer3-PT FGs% Correct
2021-2022Donovan Mitchell232
98%
2022-2023Lauri Markkanen200
94%
1990-1991John Stockton58
92%
1991-1992John Stockton83
92%
1992-1993John Stockton72
92%
1993-1994John Stockton48
92%
1994-1995John Stockton102
92%
2009-2010Deron Williams96
65%
2005-2006Deron Williams91
65%
2016-2017Gordon Hayward149
63%
2018-2019Joe Ingles189
59%
2017-2018Joe Ingles204
57%
1995-1996Jeff Hornacek104
55%
2019-2020Bojan Bogdanović189
49%
2020-2021Jordan Clarkson208
49%
2003-2004Andrei Kirilenko68
45%
2008-2009Kyle Korver103
31%
1999-2000Bryon Russell106
29%
2000-2001Bryon Russell95
29%
2001-2002Bryon Russell77
29%
1998-1999Bryon Russell52
29%
1996-1997Bryon Russell108
29%
1997-1998Bryon Russell73
29%
1982-1983Darrell Griffith38
27%
1981-1982Darrell Griffith15
27%
1984-1985Darrell Griffith92
27%
1989-1990Darrell Griffith80
27%
1983-1984Darrell Griffith91
27%
1986-1987Darrell Griffith67
27%
1988-1989Darrell Griffith61
27%
2007-2008Mehmet Okur114
20%
2006-2007Mehmet Okur129
20%
2002-2003Matt Harpring66
16%
2004-2005Raja Bell54
16%
2012-2013Randy Foye178
16%
2013-2014Richard Jefferson123
16%
2015-2016Rodney Hood161
14%
2011-2012Devin Harris77
12%
2014-2015Trey Burke124
12%
2010-2011C.J. Miles109
10%
1985-1986Bob Hansen17
8%
1987-1988Bob Hansen32
8%
1980-1981Ron Boone11
2%
1979-1980Terry Furlow23
2%

Score Distribution

Percentile by Number Answered

Percent of People with Each Score

Your Score History

You have not taken this quiz since the last reset